000
00270nam a2200097Ia 4500
001
991518
005
20250826221331.0
008
250824s9999 xx 000 0 und d
245
0
_a
NİKOLA TESLA GELECEĞİ KEŞFEDEN ADAM
_c
DANİELE ARİSTARCO
260
_b
DOMİNGO YAYINLARI
999
_c
991518
_d
991518